| 000 | 01828cam a2200385 a 4500 | ||
|---|---|---|---|
| 001 | 14033406 | ||
| 003 | ARRUPE | ||
| 005 | 20150826105411.0 | ||
| 008 | 050712s2005 enkabg b 001 0 eng d | ||
| 010 | _a 2005298531 | ||
| 020 | _a1860649491 (hbk) | ||
| 020 | _a1860649505 (pbk.) | ||
| 024 | 3 | _a9781860649493 (hbk.) | |
| 024 | 3 | _a9781860649509 (pbk.) | |
| 035 | _a(OCoLC)ocm56457956 | ||
| 040 |
_aUKM _cUKM _dOCLCQ _dBWKUK _dOCL _dDLC |
||
| 042 | _alccopycat | ||
| 043 | _ae------ | ||
| 050 | 0 | 0 |
_aB802 _b.B36 2005 |
| 082 | 0 | 0 |
_a940.2/53 _222 |
| 100 | 1 |
_aBeales, Derek Edward Dawson. _918745 |
|
| 245 | 1 | 0 |
_aEnlightenment and reform in 18th-century Europe / _cDerek Beales. |
| 260 |
_aLondon ; _aNew York : _bI.B. Tauris ; _aNew York : _bDistributed in the U.S. by Palgrave Macmillan, _c2005. |
||
| 300 |
_a326 p. : _bill., maps, music ; _c23 cm. |
||
| 440 | 0 |
_aInternational library of historical studies ; _v29 _918746 |
|
| 504 | _aIncludes bibliographical references (p. [309]-313) and index. | ||
| 650 | 0 |
_aEnlightenment. _918747 |
|
| 651 | 0 |
_aEurope _xPolitics and government _y18th century. _96065 |
|
| 856 | 4 | 2 |
_3Contributor biographical information _uhttp://www.loc.gov/catdir/enhancements/fy0627/2005298531-b.html |
| 856 | 4 | 2 |
_3Publisher description _uhttp://www.loc.gov/catdir/enhancements/fy0627/2005298531-d.html |
| 856 | 4 | 1 |
_3Table of contents only _uhttp://www.loc.gov/catdir/enhancements/fy0627/2005298531-t.html |
| 906 |
_a7 _bcbc _ccopycat _d2 _encip _f20 _gy-gencatlg |
||
| 942 |
_2lcc _cMONOGRAPH |
||
| 999 |
_c123097 _d123097 |
||